|
|
|
|
| LEADER |
00653cam a2200205 7i4500 |
| 001 |
0000021471 |
| 005 |
20090415090000.0 |
| 022 |
0 |
0 |
|a 1749-2831
|
| 090 |
0 |
0 |
|a M 641.3
|b MAL
|
| 245 |
0 |
0 |
|a Malaysia food & drink report Q1 2007.
|
| 260 |
0 |
0 |
|a London:
|b Business Monitor International,
|c 2007.
|
| 300 |
# |
# |
|a 65p.
|
| 650 |
0 |
0 |
|a Business --
|z Malaysia
|
| 650 |
0 |
0 |
|a Agriculture --
|z Malaysia
|
| 650 |
0 |
0 |
|a Food industry and trade --
|z Malaysia
|
| 650 |
0 |
0 |
|a Retail trade --
|z Malaysia
|
| 650 |
0 |
0 |
|a Beverage industry and trade --
|z Malaysia
|
| 650 |
0 |
0 |
|a Tobacco --
|z Malaysia
|
| 651 |
0 |
0 |
|a Malaysia
|
| 999 |
|
|
|a B000022668
|b Book
|c Malaysia
|e Business Information Centre
|